[Event "Open Tournament For Novices #2"]
[Site "SchemingMind.com"]
[Date "2006.11.07"]
[Round "-"]
[White "nwhitelaw"]
[Black "Easy_E"]
[Result "1-0"]
[WhiteCountry "GBR"]
[BlackCountry "USA"]
[WhiteElo "1396"]
[WhiteRD "101"]
[BlackElo "1429"]
[BlackRD "64"]
[GameID "75433"]

1. e4 e5 2. Nf3 Nc6 3. d4 exd4 4. Nxd4 Bc5 5. Nxc6 bxc6 6. Bc4 Nf6 7. Bg5 h6 8. Bxf6 Qxf6 9. Qh5 Qxf2+ 10. Kd1 g6
11. Qe5+ Be7 12. Qxh8+ Bf8 13. Qe5+ Be7 14. Rf1 Qxg2 15. Bxf7+ Kd8 16. Qh8+ Bf8 17. Qxf8#
1-0

[Event "Open Tournament For Novices #2"]
[Site "SchemingMind.com"]
[Date "2006.11.07"]
[Round "-"]
[White "Easy_E"]
[Black "nwhitelaw"]
[Result "1-0"]
[WhiteCountry "USA"]
[BlackCountry "GBR"]
[WhiteElo "1429"]
[WhiteRD "64"]
[BlackElo "1396"]
[BlackRD "101"]
[GameID "75434"]

1. e4 Nc6 2. d4 Nf6 3. Nc3 e5 4. d5 Nd4 5. Bg5 Bb4 6. Nf3 d6 7. a3 Bxc3+ 8. bxc3 Nxf3+ 9. Qxf3 c6 10. Bc4 Qa5
11. O-O Bg4 12. Qg3 O-O 13. Bxf6 h5 14. Be7 Rfe8 15. Bxd6 cxd5 16. Bxd5 Be6 17. Bxb7 Qb5 18. Bxe5 Qxb7 19. Qxg7#
1-0

[Event "Open Tournament For Novices #2"]
[Site "SchemingMind.com"]
[Date "2006.11.09"]
[Round "-"]
[White "toguints"]
[Black "Easy_E"]
[Result "0-1"]
[WhiteCountry "PHI"]
[BlackCountry "USA"]
[WhiteElo "1456"]
[WhiteRD "66"]
[BlackElo "1429"]
[BlackRD "64"]
[GameID "75836"]

1. Nf3 d5 2. g3 Nf6 3. Bg2 c6 4. d3 Nbd7 5. O-O e5 6. Re1 Bc5 7. Bg5 O-O 8. Nbd2 Qb6 9. Bxf6 Nxf6 10. e3 Qxb2
11. Nb3 Bb4 12. Nfd2 Bg4 13. f3 Bh5 14. h4 Rae8 15. g4 Nxg4 16. fxg4 Bxg4 17. Qxg4 Bxd2 18. Nxd2 Qxc2 19. Qe2 f5 20. e4 Qc5+
21. Kh2 fxe4 22. Rac1 Qe7 23. dxe4 Qxh4+ 24. Kg1 Rf6 25. exd5 Ref8 26. Nf3 Qh5 27. dxc6 Rxf3 28. cxb7 e4 29. Bxf3 exf3 30. Qc4+ Kh8
31. b8=Q f2+ 32. Kf1 Qh3+ 33. Ke2 fxe1=Q+ 34. Kxe1 Rxb8 35. Rc3 Re8+ 36. Kd2 Qg2+ 37. Kd1 Rd8+ 38. Rd3 Qf1+ 39. Kc2 Qe2+ 40. Kc3 Rxd3+
41. Qxd3 Qxd3+ 42. Kxd3 h5 43. Ke3 Kh7 44. a4 g5 45. Kf3 g4+ 46. Kg3 Kh6 47. a5 Kg5
0-1

[Event "Open Tournament For Novices #2"]
[Site "SchemingMind.com"]
[Date "2006.11.09"]
[Round "-"]
[White "toguints"]
[Black "nwhitelaw"]
[Result "1-0"]
[WhiteCountry "PHI"]
[BlackCountry "GBR"]
[WhiteElo "1456"]
[WhiteRD "66"]
[BlackElo "1396"]
[BlackRD "101"]
[GameID "75837"]

1. e4 Nc6 2. d4 e5 3. Bb5 Nxd4 4. Bc4 c5 5. Nf3 d6 6. Nxd4 cxd4 7. Qf3 Nf6 8. Bg5 Qc7 9. Nd2 Qa5 10. Bxf6 gxf6
11. Qh5 Be6 12. Bxe6 Qc7 13. O-O Qe7 14. Bd5 O-O-O 15. Bxf7 Qc7 16. Nc4 Rd7 17. Be6 Qd8 18. Bxd7+ Qxd7 19. Qh4 Qb5 20. Qxf6 Rg8
21. Qe6+
1-0

[Event "Open Tournament For Novices #2"]
[Site "SchemingMind.com"]
[Date "2006.11.09"]
[Round "-"]
[White "Easy_E"]
[Black "toguints"]
[Result "1-0"]
[WhiteCountry "USA"]
[BlackCountry "PHI"]
[WhiteElo "1429"]
[WhiteRD "64"]
[BlackElo "1456"]
[BlackRD "66"]
[GameID "75838"]

1. e4 e5 2. Nf3 Nc6 3. d4 d6 4. d5 Nce7 5. Bg5 f6 6. Bh4 Bg4 7. Be2 Ng6 8. c4 Bxf3 9. Bxf3 Nxh4 10. Bh5+ g6
11. O-O gxh5 12. Qxh5+ Ng6 13. Nc3 Qd7 14. Nb5 a6 15. Nc3 O-O-O 16. b4 Nh6 17. b5 Nf4 18. Qh4 f5 19. bxa6 bxa6 20. Rab1 fxe4
21. Rb2 Nf5 22. Rfb1 Qe7 23. Qg4 Qf7 24. Nxe4 Kd7 25. Ng5 Qg6 26. h4 Bg7 27. c5 e4 28. c6+ Ke7 29. Rb7 Rc8 30. Re1 Nxd5
31. Rxe4+ Be5 32. f4 Nf6 33. Qd1 Nxe4 34. Nxe4 Ne3 35. Qf3 Bd4 36. f5 Nxf5+ 37. Nf2 Rhf8 38. Qe4+ Kd8 39. g4 d5 40. Qxd5+ Ke8
41. Qd7#
1-0

[Event "Open Tournament For Novices #2"]
[Site "SchemingMind.com"]
[Date "2006.11.09"]
[Round "-"]
[White "nwhitelaw"]
[Black "toguints"]
[Result "1/2-1/2"]
[WhiteCountry "GBR"]
[BlackCountry "PHI"]
[WhiteElo "1396"]
[WhiteRD "101"]
[BlackElo "1456"]
[BlackRD "66"]
[GameID "75839"]

1. e4 c5 2. Qf3 Nc6 3. Bc4 Ne5 4. Qb3 Nf6 5. Nf3 Nxf3+ 6. gxf3 e6 7. d3 d5 8. Bb5+ Bd7 9. Nc3 a6 10. Bxd7+ Nxd7
11. Qxb7 Bd6 12. exd5 exd5 13. Nxd5 O-O 14. Bf4 Bxf4 15. Nxf4 Rb8 16. Qxa6 Rxb2 17. O-O Qg5+ 18. Ng2 Rxc2 19. Qd6 h6 20. Rab1 Rd8
21. f4 Qf5 22. Ne3 Qh5 23. Nxc2 Nf6 24. Qxd8+ Kh7 25. Ne3 Qg6+ 26. Kh1 Ng4 27. Rb8 Qh5 28. Nxg4 Qxg4 29. Rg1 Qf3+=
1/2-1/2

[Event "Open Tournament For Novices #2"]
[Site "SchemingMind.com"]
[Date "2006.11.28"]
[Round "-"]
[White "Davarious Wolfe"]
[Black "toguints"]
[Result "0-1"]
[WhiteCountry "GBR"]
[BlackCountry "PHI"]
[WhiteElo "1337"]
[WhiteRD "78"]
[BlackElo "1511"]
[BlackRD "67"]
[GameID "78760"]

1. e4 c5 2. Bc4 Nc6 3. Qh5 e6 4. d3 g6 5. Qh3 d5 6. exd5 exd5 7. Qe3+ Be7 8. Bb3 Qa5+ 9. c3 Nf6 10. Qh6 Ne5
11. Qg7 Nxd3+ 12. Kd2 Nxf2 13. Qxh8+ Bf8 14. Qxf6 Ne4+ 15. Ke2 Nxf6 16. Bg5 Bg4+ 17. Nf3 O-O-O 18. Kf2 Qb6 19. c4 Ne4+ 20. Ke2 Nxg5
21. h3 Bxf3+ 22. gxf3 Qe6+ 23. Kf2 Nxh3+ 24. Kg2 Qe2+ 25. Kxh3 Qxb2 26. Na3 Qxa3 27. Bc2 Qxf3+ 28. Kh2 Qf2+ 29. Kh3 Qxc2 30. Raf1 f5
31. Rh2 Qd3+ 32. Kg2 h5 33. Rf3 Qxc4 34. Kg3 Bd6+ 35. Kg2 Bxh2 36. Kxh2 Qe2+ 37. Kg3 Re8 38. Rf2 Re3+ 39. Kg2 Qg4+ 40. Kf1 d4
41. a3 Qh3+ 42. Kg1 Rg3+ 43. Rg2 Qxg2#
0-1

[Event "Open Tournament For Novices #2"]
[Site "SchemingMind.com"]
[Date "2006.12.02"]
[Round "-"]
[White "Davarious Wolfe"]
[Black "Easy_E"]
[Result "1-0"]
[WhiteCountry "GBR"]
[BlackCountry "USA"]
[WhiteElo "1361"]
[WhiteRD "83"]
[BlackElo "1452"]
[BlackRD "71"]
[GameID "78761"]

1. e4 e5 2. Bc4 Nf6 3. Nf3 Nc6 4. Ng5 d5 5. exd5 Nxd5 6. Qf3 Qxg5 7. Bxd5 Be6 8. Bxc6+ Bd7 9. Bd5 Be6 10. Bxb7 Rd8
11. Qc6+ Bd7 12. Qxc7 Qxg2 13. Qxe5+ Be7 14. Bxg2 O-O 15. Qxe7 Rfe8 16. Qxe8+ Rxe8+ 17. Kd1 g5 18. d3 h6 19. Nc3 f5 20. Bd5+ Kh8
21. h4 g4 22. Bxh6 Kh7 23. Bg5 Kg6 24. Ne2 Re5 25. Nf4+ Kg7 26. Nh5+ Kf8 27. Bh6+ Ke7 28. Re1 Kd6 29. Bc4 Bc6 30. Bf8+ Kc7
31. Rxe5 Bf3+ 32. Ke1 g3 33. Re7+ Kb6 34. Nxg3 f4 35. Re6+ Bc6 36. Bd5 fxg3 37. Rxc6+
1-0

[Event "Open Tournament For Novices #2"]
[Site "SchemingMind.com"]
[Date "2006.11.27"]
[Round "-"]
[White "Davarious Wolfe"]
[Black "nwhitelaw"]
[Result "1-0"]
[WhiteCountry "GBR"]
[BlackCountry "GBR"]
[WhiteElo "1355"]
[WhiteRD "74"]
[BlackElo "1309"]
[BlackRD "65"]
[GameID "78762"]

1. e4 e5 2. Bc4 Nf6 3. Nf3 d5 4. Bb5+ Nc6 5. Nxe5 Qe7 6. Nxc6 bxc6 7. Bxc6+ Bd7 8. Bxa8 Qxe4+ 9. Qe2 Be7 10. f3 Qxc2
11. Na3 Qa4 12. b3 Qd4 13. Nc2 Qb6 14. Ba3 c5 15. b4 O-O 16. Qxe7 Rxa8 17. bxc5 Qa5 18. Rb1 h6 19. Rb7 Bg4 20. fxg4 Ne8
21. Bb4 Qxa2 22. O-O Qxc2 23. Qxf7+ Kh8 24. Rf5 Qd1+ 25. Kf2 Qxg4 26. Bc3 d4 27. Qf8+ Kh7 28. h3 Qe4 29. Rf4 Qxb7 30. Bxd4 Nf6
31. Qd6 Ne4+ 32. Rxe4 Qxe4 33. Qe5 Rf8+ 34. Kg1 Qxe5 35. Bxe5 a5 36. c6 a4 37. c7 a3 38. d4 a2 39. d5 Ra8 40. d6 a1=Q+
41. Bxa1 Rxa1+ 42. Kf2 Rc1 43. Ke2 Rc6 44. Ke3 Kg6 45. d7 Re6+ 46. Kf4 Re7 47. d8=Q Rxc7 48. Qxc7
1-0

[Event "Open Tournament For Novices #2"]
[Site "SchemingMind.com"]
[Date "2006.11.28"]
[Round "-"]
[White "toguints"]
[Black "Davarious Wolfe"]
[Result "1-0"]
[WhiteCountry "PHI"]
[BlackCountry "GBR"]
[WhiteElo "1511"]
[WhiteRD "67"]
[BlackElo "1337"]
[BlackRD "78"]
[GameID "78763"]

1. d4 Nc6 2. d5 Na5 3. b3 e6 4. Bd2 b6 5. dxe6 fxe6 6. e4 Qf6 7. Bc3 Qf4 8. Qf3 Qc1+ 9. Qd1 Qxd1+ 10. Kxd1 d5
11. Nd2 dxe4 12. Nxe4 Bb7 13. f3 Nf6 14. Ng5 Rd8+ 15. Bd2 h6 16. Nxe6 Rd6 17. Nxc7+ Kd8 18. Nb5 Rd5 19. c4 Re5 20. Nxa7 g5
21. Nh3 g4 22. fxg4 Nxg4 23. Be2 Nf6 24. Nf4 Bd6 25. Ng6 Ree8 26. Nxh8 Rxh8 27. Bc3 Rf8 28. Rf1 Ne4 29. Rxf8+ Bxf8 30. Nb5 Nxc3+
31. Nxc3 Bg7 32. Rc1 Bxg2 33. Nd5 Be5 34. Nxb6 Bxh2 35. Kc2 Be4+ 36. Bd3 Bf3 37. b4 Nc6 38. b5 Nb4+ 39. Kb3 Nxd3 40. Rf1 Nc5+
41. Ka3 Be2 42. Rf2 Bc7 43. Rxe2 Bxb6 44. Rh2 Nd3 45. Rd2 h5 46. Rxd3+ Kc8 47. c5 Ba5 48. Ka4 Bc7 49. Rh3 Kb7 50. Rxh5 Bf4
51. Rh7+ Kc8 52. b6 Kb8 53. Kb5 Kc8 54. c6 Kb8 55. Rh8#
1-0

[Event "Open Tournament For Novices #2"]
[Site "SchemingMind.com"]
[Date "2006.12.02"]
[Round "-"]
[White "Easy_E"]
[Black "Davarious Wolfe"]
[Result "1-0"]
[WhiteCountry "USA"]
[BlackCountry "GBR"]
[WhiteElo "1464"]
[WhiteRD "65"]
[BlackElo "1355"]
[BlackRD "74"]
[GameID "78764"]

1. e4 c5 2. Nf3 e6 3. d4 Qa5+ 4. Bd2 Qb6 5. Ne5 Qxb2 6. Nc3 cxd4 7. Nb5 d3 8. Nc7+ Ke7 9. Bxd3 Qxe5 10. Nxa8 d5
11. Bb4+ Kd7 12. Bxf8 Qc3+ 13. Kf1 dxe4 14. Bb5#
1-0

[Event "Open Tournament For Novices #2"]
[Site "SchemingMind.com"]
[Date "2006.11.27"]
[Round "-"]
[White "nwhitelaw"]
[Black "Davarious Wolfe"]
[Result "1-0"]
[WhiteCountry "GBR"]
[BlackCountry "GBR"]
[WhiteElo "1309"]
[WhiteRD "65"]
[BlackElo "1355"]
[BlackRD "74"]
[GameID "78765"]

1. e4 c5 2. d4 cxd4 3. Qxd4 Qb6 4. Nf3 Nc6 5. Qa4 d6 6. Be3 Qb4+ 7. Nc3 b5 8. Qxb5 Qxb5 9. Nxb5 Nb4 10. O-O-O Rb8
11. Bxa7 Nxa2+ 12. Kb1 Rb7 13. Nc7+ Rxc7 14. Bb5+ Bd7 15. Bb6 Rb7 16. Bxd7+ Kxd7 17. Ne5+ Kc8 18. Nxf7 Rxb6 19. Rd3 g6 20. Kxa2 Ra6+
21. Ra3 Rc6 22. Ra8+ Kb7 23. Rxf8 Ra6+ 24. Kb1 Nf6 25. Rxh8 Nxe4 26. Nd8+ Kc7 27. Ne6+ Kd7 28. Nf4 Nxf2 29. Re1 e5 30. Rxh7+ Kc6
31. Nxg6 Kc5 32. Nxe5 dxe5 33. Rxe5+ Kd4 34. Rhe7 Kc4 35. Rf7 Kd4 36. Re8 Ng4 37. Rf4+ Kd5 38. Rxg4 Rd6 39. c4+ Kc5 40. Rc8+ Kb4
41. Kc2 Rh6 42. Rg5 Rxh2 43. Rb5+ Ka4 44. Ra8#
1-0

[Event "Open Tournament For Novices #2"]
[Site "SchemingMind.com"]
[Date "2006.11.29"]
[Round "-"]
[White "WannaBe"]
[Black "toguints"]
[Result "0-1"]
[WhiteCountry "USA"]
[BlackCountry "PHI"]
[WhiteElo "1448"]
[WhiteRD "93"]
[BlackElo "1494"]
[BlackRD "69"]
[GameID "78938"]

1. e4 c5 2. Nf3 Nc6 3. d4 d6 4. Bc4 Bg4 5. Be3 e6 6. h3 Bxf3 7. gxf3 a6 8. Nc3 Nf6 9. Qd2 cxd4 10. Bxd4 b5
11. Bf1 Be7 12. O-O-O d5 13. Bxf6 Bxf6 14. exd5 Qc7 15. dxc6 Rd8 16. Qxd8+ Bxd8
0-1

[Event "Open Tournament For Novices #2"]
[Site "SchemingMind.com"]
[Date "2006.11.28"]
[Round "-"]
[White "WannaBe"]
[Black "Davarious Wolfe"]
[Result "1-0"]
[WhiteCountry "USA"]
[BlackCountry "GBR"]
[WhiteElo "1448"]
[WhiteRD "93"]
[BlackElo "1355"]
[BlackRD "74"]
[GameID "78939"]

1. e4 c5 2. Nf3 Nf6 3. Nc3 Nc6 4. d4 cxd4 5. Nxd4 Nxd4 6. Qxd4 Qb6 7. Qxb6 axb6 8. Bd3 e6 9. O-O d5 10. exd5 exd5
11. Re1+ Be7 12. Bg5 h6 13. Bxf6 gxf6 14. Nxd5 Rg8 15. Bb5+ Kd8 16. Rxe7 Ra5 17. c4 Be6 18. Rxe6 fxe6 19. Nxb6 f5 20. Rd1+ Kc7
21. Na4 e5 22. Rd7+ Kc8 23. Nb6+ Kb8 24. Rh7 Rxa2 25. g3 Rxb2 26. Nd7+ Kc8 27. Nxe5 Rb1+ 28. Kg2 f4 29. Rxh6 f3+ 30. Nxf3 Rb3
31. Nd4 Rd3 32. Nf5 Re8 33. Nd6+ Kc7 34. Nxe8+ Kd8 35. Rd6+ Rxd6 36. Nxd6 Ke7 37. Nxb7 Kf6 38. c5
1-0

[Event "Open Tournament For Novices #2"]
[Site "SchemingMind.com"]
[Date "2006.12.03"]
[Round "-"]
[White "WannaBe"]
[Black "Easy_E"]
[Result "1-0"]
[WhiteCountry "USA"]
[BlackCountry "USA"]
[WhiteElo "1543"]
[WhiteRD "83"]
[BlackElo "1512"]
[BlackRD "68"]
[GameID "78940"]

1. e4 e5 2. Nf3 Nc6 3. d4 exd4 4. Nxd4 Bc5 5. Be3 d5 6. Nxc6 Qd6 7. Bxc5 Qxc5 8. Qxd5 Qxc6 9. Bb5 Bd7 10. Bxc6 Bxc6
11. Qd3 Nf6 12. Nc3 O-O 13. O-O Rad8 14. Qe2 Rfe8 15. f3 a6 16. Rad1 Bb5 17. Nxb5 axb5 18. Rxd8 Rxd8 19. Qxb5 b6 20. Qe2 g5
21. Rd1 Ra8 22. a3 c5 23. Rd6 Ne8 24. Rxb6 Rc8 25. Qb5 Rd8 26. Rb8 Rd1+ 27. Kf2 Rd2+ 28. Kg3 h5 29. Rxe8+ Kg7 30. Qxc5 h4+
31. Kg4 Rxg2+ 32. Kh5
1-0

[Event "Open Tournament For Novices #2"]
[Site "SchemingMind.com"]
[Date "2006.11.28"]
[Round "-"]
[White "WannaBe"]
[Black "nwhitelaw"]
[Result "1-0"]
[WhiteCountry "USA"]
[BlackCountry "GBR"]
[WhiteElo "1448"]
[WhiteRD "93"]
[BlackElo "1309"]
[BlackRD "65"]
[GameID "78941"]

1. e4 e5 2. Nf3 Nc6 3. d4 Bb4+ 4. c3 Bd6 5. Bc4 Nf6 6. O-O Nxe4 7. Nxe5 Qh4 8. g3 Qh3 9. Qf3 Bxe5 10. Qxf7+ Kd8
11. dxe5 Ng5 12. Bxg5+
1-0

[Event "Open Tournament For Novices #2"]
[Site "SchemingMind.com"]
[Date "2006.11.29"]
[Round "-"]
[White "toguints"]
[Black "WannaBe"]
[Result "1-0"]
[WhiteCountry "PHI"]
[BlackCountry "USA"]
[WhiteElo "1511"]
[WhiteRD "67"]
[BlackElo "1543"]
[BlackRD "83"]
[GameID "78942"]

1. c4 e5 2. Nc3 Nf6 3. d4 exd4 4. Qxd4 Nc6 5. Qe3+ Qe7 6. Qxe7+ Bxe7 7. Nf3 O-O 8. e3 b6 9. g3 Bb7 10. Nb5 Rfc8
11. Bg2 Nb4 12. Na3 Nd3+ 13. Ke2 Nc5 14. Rg1 Ne6 15. Nc2 Rab8 16. Ncd4 Nxd4+ 17. exd4 Re8 18. Kd3 d6 19. Bd2 a6 20. b4 c5
21. a3 Be4+ 22. Kc3 Bg6 23. Nh4 Ne4+ 24. Bxe4 Bxe4 25. d5 Bxh4 26. gxh4 g6 27. Rge1 Bf5 28. Bf4 Rxe1 29. Rxe1 Rd8 30. Bh6 f6
31. Rg1 Kf7 32. a4 a5 33. bxc5 bxc5 34. Bd2 Re8 35. Bf4 Ke7 36. Re1+ Kd7 37. Rxe8 Kxe8 38. Bxd6
1-0

[Event "Open Tournament For Novices #2"]
[Site "SchemingMind.com"]
[Date "2006.11.28"]
[Round "-"]
[White "Davarious Wolfe"]
[Black "WannaBe"]
[Result "0-1"]
[WhiteCountry "GBR"]
[BlackCountry "USA"]
[WhiteElo "1355"]
[WhiteRD "74"]
[BlackElo "1448"]
[BlackRD "93"]
[GameID "78943"]

1. e4 c5 2. Bc4 e6 3. Nf3 Nc6 4. e5 a6 5. d4 cxd4 6. Bg5 f6 7. exf6 Nxf6 8. c3 dxc3 9. bxc3 Be7 10. Na3 O-O
11. Nh4 Ne4 12. Qg4 Nxg5 13. Bd3 Ne5 14. Qd4 Nxd3+ 15. Kd2 Nxf2 16. Rhe1 Nfe4+ 17. Kc2 Bxa3 18. Nf3 d5 19. h4 Nxf3 20. gxf3 Rxf3
21. Rg1 Rf2+ 22. Kd1 Rd2+ 23. Qxd2 Nxd2 24. Kxd2 Qxh4 25. Raf1 Bd7 26. Rh1 Qe7 27. Rf4 Rf8 28. Rfh4 Qg5+ 29. Ke2 Qe5+ 30. Kd3 Rf3+
31. Kc2 Qxc3+ 32. Kd1 Ba4+ 33. Rxa4 Qc1+ 34. Ke2 Re3+ 35. Kf2 Qd2+ 36. Kg1 Re1#
0-1

[Event "Open Tournament For Novices #2"]
[Site "SchemingMind.com"]
[Date "2006.12.03"]
[Round "-"]
[White "Easy_E"]
[Black "WannaBe"]
[Result "0-1"]
[WhiteCountry "USA"]
[BlackCountry "USA"]
[WhiteElo "1512"]
[WhiteRD "68"]
[BlackElo "1543"]
[BlackRD "83"]
[GameID "78944"]

1. e4 c5 2. Nf3 d6 3. d4 cxd4 4. Nxd4 Nf6 5. Nc3 a6 6. Bc4 e6 7. O-O Be7 8. Bg5 O-O 9. Re1 b5 10. Bd3 h6
11. e5 dxe5 12. Rxe5 Qxd4 13. Bh7+ Nxh7 14. Qxd4 Bxg5 15. Rd1 Nc6 16. Qd6 Nxe5 17. Qxe5 Bf6 18. Qe4 Ra7 19. f4 Bxc3 20. bxc3 Nf6
21. Qd4 Rd7 22. Qd3 Rxd3 23. cxd3 Nd5 24. c4 bxc4 25. dxc4 Nxf4 26. c5 Nd5 27. c6 f6 28. Rc1 Nb4 29. c7 Nd5 30. Rc6 Rf7
31. Rxe6 Rxc7 32. Re8+ Kf7
0-1

[Event "Open Tournament For Novices #2"]
[Site "SchemingMind.com"]
[Date "2006.11.28"]
[Round "-"]
[White "nwhitelaw"]
[Black "WannaBe"]
[Result "0-1"]
[WhiteCountry "GBR"]
[BlackCountry "USA"]
[WhiteElo "1309"]
[WhiteRD "65"]
[BlackElo "1448"]
[BlackRD "93"]
[GameID "78945"]

1. e4 c5 2. Bc4 e6 3. Nf3 d6 4. O-O Nf6 5. d3 Be7 6. Nbd2 O-O 7. Ng5 h6 8. Nh3 Nbd7 9. Nf3 Nb6 10. Bf4 d5
11. exd5 Nbxd5 12. d4 b6 13. Qd3 Bd6 14. Bxh6 gxh6 15. g4 Nxg4 16. Nhg5 hxg5 17. Qe4 f5 18. Qd3 Bb7 19. h3 Nf4 20. Bxe6+ Nxe6
21. Qc4 Bxf3 22. Qxe6+ Kh8 23. hxg4 Bxg4 24. f3 Qf6 25. Qe2 Qxd4+ 26. Kg2 Bxf3+ 27. Qxf3 Qg4+ 28. Qxg4 fxg4 29. Rh1+ Kg7 30. Rad1 Bf4
31. Rd7+ Rf7 32. Rd3 Rh8 33. Rg1 Rh2+ 34. Kf1 Be3+
0-1

[Event "Open Tournament For Novices #2"]
[Site "SchemingMind.com"]
[Date "2006.11.29"]
[Round "-"]
[White "jake"]
[Black "toguints"]
[Result "0-1"]
[WhiteCountry "USA"]
[BlackCountry "PHI"]
[WhiteElo "1048"]
[WhiteRD "103"]
[BlackElo "1494"]
[BlackRD "69"]
[GameID "79076"]

1. e3 c5 2. c3 Nc6 3. Qb3 e6 4. Bc4 Na5 5. Qb5 Nc6 6. d4 a6 7. Qa4 cxd4 8. cxd4 d5 9. Bd3 Bd7 10. Nc3 Bb4
11. Nf3 Qc7 12. Ng5 Nf6 13. e4 Nxd4 14. Qxb4 Nc6 15. Qb3 dxe4 16. Bxe4 Nd4 17. Qa3 Nxe4 18. Qb3 Nxb3 19. axb3 Nxc3 20. bxc3 Qxc3+
21. Ke2 Qxa1 22. Kd1 Rc8 23. Re1 Qxc1+ 24. Ke2 Qxg5
0-1

[Event "Open Tournament For Novices #2"]
[Site "SchemingMind.com"]
[Date "2006.11.29"]
[Round "-"]
[White "jake"]
[Black "Davarious Wolfe"]
[Result "0-1"]
[WhiteCountry "USA"]
[BlackCountry "GBR"]
[WhiteElo "1048"]
[WhiteRD "103"]
[BlackElo "1355"]
[BlackRD "74"]
[GameID "79077"]

1. Nc3 c5 2. d3 Nf6 3. Bf4 Nc6 4. a4 e5 5. Nh3 exf4 6. Nxf4 Bd6 7. Qd2 g5 8. Nfd5 Ng4 9. Nb5 Be5 10. h4 a6
11. hxg5 axb5 12. Rh4 Bxb2 13. Rxg4 Bxa1 14. axb5 Bb2 15. Re4+ Kf8 16. g6 Ra1+ 17. Qd1 Rxd1+ 18. Kxd1 hxg6 19. Rg4 Rh1 20. bxc6 dxc6
0-1

[Event "Open Tournament For Novices #2"]
[Site "SchemingMind.com"]
[Date "2006.12.03"]
[Round "-"]
[White "jake"]
[Black "Easy_E"]
[Result "0-1"]
[WhiteCountry "USA"]
[BlackCountry "USA"]
[WhiteElo "1048"]
[WhiteRD "103"]
[BlackElo "1464"]
[BlackRD "65"]
[GameID "79078"]

1. a4 e5 2. Ra3 Bxa3 3. Nxa3 d5 4. e3 c5 5. Bb5+ Bd7 6. d4 Bxb5 7. axb5 Nd7 8. dxe5 Nxe5 9. b3 Nf6 10. Bb2 Qa5+
11. c3 Ne4 12. Qxd5 O-O 13. Qxe5 Rfe8 14. Qd5 Nxc3 15. Qxb7 Nxb5+ 16. Kd1 Rad8+ 17. Ke2 Nxa3 18. Bxa3 Qxa3 19. Nf3 Qb2+ 20. Nd2 Qxd2+
21. Kf3 Qd5+ 22. Qxd5 Rxd5 23. g4 Red8 24. Ra1 R8d7 25. Ra6 Rd3 26. Ra5 Rc7 27. h4 Rxb3 28. g5 c4
0-1

[Event "Open Tournament For Novices #2"]
[Site "SchemingMind.com"]
[Date "2006.11.29"]
[Round "-"]
[White "jake"]
[Black "WannaBe"]
[Result "0-1"]
[WhiteCountry "USA"]
[BlackCountry "USA"]
[WhiteElo "1048"]
[WhiteRD "103"]
[BlackElo "1448"]
[BlackRD "93"]
[GameID "79079"]

1. h4 e5 2. Rh3 Nc6 3. e3 d5 4. Bb5 Bd7 5. Qf3 Nf6 6. Nc3 a6 7. Bxc6 Bxc6 8. Nge2 Bd6 9. Rg3 e4 10. Qf5 Bxg3
11. fxg3 O-O 12. Nd4 Bd7 13. Qf4 c6 14. Nf5 Bxf5 15. Qxf5 b5 16. b3 g6 17. Qg5 Nh5 18. Qh6 Nxg3 19. Ba3 Qf6 20. Bxf8 Qf1#
0-1

[Event "Open Tournament For Novices #2"]
[Site "SchemingMind.com"]
[Date "2006.11.29"]
[Round "-"]
[White "jake"]
[Black "nwhitelaw"]
[Result "0-1"]
[WhiteCountry "USA"]
[BlackCountry "GBR"]
[WhiteElo "1048"]
[WhiteRD "103"]
[BlackElo "1309"]
[BlackRD "65"]
[GameID "79080"]

1. Nh3 e5 2. e3 Nf6 3. Bc4 d5 4. Na3 Ne4 5. Bb5+ Nc6 6. d3 Bxh3 7. dxe4 Bxg2 8. Rg1 Bxe4 9. Rg4 a6 10. Rxe4 dxe4
11. Bc4 Qh4 12. Qd5 Bd6 13. Nb5 O-O-O 14. Qxf7 Rhf8 15. Na7+ Nxa7 16. Qxg7 Qxf2+ 17. Kd1 Bb4+
0-1

[Event "Open Tournament For Novices #2"]
[Site "SchemingMind.com"]
[Date "2006.11.29"]
[Round "-"]
[White "toguints"]
[Black "jake"]
[Result "1-0"]
[WhiteCountry "PHI"]
[BlackCountry "USA"]
[WhiteElo "1511"]
[WhiteRD "67"]
[BlackElo "1056"]
[BlackRD "103"]
[GameID "79081"]

1. d4 Nf6 2. Nc3 g5 3. Bxg5 Ng4 4. e3 Rg8 5. Qxg4 d6 6. Qh5 Bf5 7. Nd5 Bxc2 8. Qe2 Rxg5 9. Qb5+ c6 10. Nc7+ Qxc7
11. Qxg5 d5 12. Nf3 c5 13. Qxd5 Bg7 14. e4 Bxd4 15. Qc4 Bxb2 16. Qb5+ Nd7 17. Qxb2 Bxe4 18. Bb5 O-O-O 19. Qe2 Nf6 20. O-O Rd5
21. Bc4 Ng4 22. Qxe4 Rd7 23. Qxg4 Qc6 24. Ne5 Qd6 25. Nxd7 Qc6 26. Qg8+ Kxd7 27. Rad1+ Kc7 28. Qd8#
1-0

[Event "Open Tournament For Novices #2"]
[Site "SchemingMind.com"]
[Date "2006.11.29"]
[Round "-"]
[White "Davarious Wolfe"]
[Black "jake"]
[Result "1-0"]
[WhiteCountry "GBR"]
[BlackCountry "USA"]
[WhiteElo "1355"]
[WhiteRD "74"]
[BlackElo "1048"]
[BlackRD "103"]
[GameID "79082"]

1. e4 e6 2. Nf3 Qf6 3. e5 Bc5 4. exf6 gxf6 5. d4 Bb4+ 6. c3 Bd6 7. Na3 e5 8. Nb5 e4 9. Nxd6+ cxd6 10. Nh4 Nc6
11. Qe2 d5 12. Nf5 Nge7 13. Ng7+ Kd8 14. Bh6 d6 15. b4 Ng6 16. Nh5 Re8 17. Nxf6 Nf4 18. Bxf4 Re6 19. Nxh7 Rg6 20. Ng5 Nxb4
21. Nxf7+ Ke8 22. Qh5 Nc2+ 23. Kd1 Bg4+ 24. Qxg4 Rxg4 25. Nxd6+ Ke7 26. Nf5+ Kd8 27. Kxc2 Rxf4 28. Nd6 Rxf2+ 29. Kd1 Rxf1+ 30. Rxf1 Kd7
31. Nxb7 Kc7 32. Rf7+ Kb6 33. Rb1+ Kc6 34. Na5+ Kd6 35. Rf6+ Ke7 36. Rf5 Rh8 37. Rb7+ Ke6 38. Rff7 Rc8 39. Rbe7+ Kd6 40. Rd7+ Ke6
41. h4 Rh8 42. g3 Rb8 43. Nc6 Rb1+ 44. Kc2 Rg1 45. Nd8#
1-0

[Event "Open Tournament For Novices #2"]
[Site "SchemingMind.com"]
[Date "2006.12.03"]
[Round "-"]
[White "Easy_E"]
[Black "jake"]
[Result "1-0"]
[WhiteCountry "USA"]
[BlackCountry "USA"]
[WhiteElo "1464"]
[WhiteRD "65"]
[BlackElo "1048"]
[BlackRD "103"]
[GameID "79083"]

1. e4 Nf6 2. e5 Ne4 3. d3 Nxf2 4. Kxf2 e6 5. Nf3 Bc5+ 6. d4 Bb4 7. c3 Ba5 8. b4 Nc6 9. bxa5 Nxa5 10. Qa4 b6
11. Bg5 f6 12. exf6 gxf6 13. Bh4 Rg8 14. Bd3 Rxg2+ 15. Kxg2 Qe7 16. Ne5 Bb7+ 17. Kg1 fxe5 18. Bxe7 Kxe7 19. Qb4+ c5 20. dxc5 Rg8+
21. Kf2 Rg2+ 22. Kf1 Bf3 23. Rg1 Rxh2 24. cxb6+ d6 25. bxa7 h5 26. Be4 Be2+ 27. Ke1 Nc6 28. Bxc6 Kf6 29. a8=Q
1-0

[Event "Open Tournament For Novices #2"]
[Site "SchemingMind.com"]
[Date "2006.11.29"]
[Round "-"]
[White "WannaBe"]
[Black "jake"]
[Result "1-0"]
[WhiteCountry "USA"]
[BlackCountry "USA"]
[WhiteElo "1448"]
[WhiteRD "93"]
[BlackElo "1048"]
[BlackRD "103"]
[GameID "79084"]

1. e4 Nf6 2. e5 Nd5 3. d4 e6 4. c4 d6 5. cxd5 exd5 6. Nf3 Nc6 7. Nc3 Bf5 8. Bb5 dxe5 9. dxe5 Bb4 10. O-O Bxc3
11. bxc3 Qh4 12. Nxh4
1-0

[Event "Open Tournament For Novices #2"]
[Site "SchemingMind.com"]
[Date "2006.11.29"]
[Round "-"]
[White "nwhitelaw"]
[Black "jake"]
[Result "1-0"]
[WhiteCountry "GBR"]
[BlackCountry "USA"]
[WhiteElo "1309"]
[WhiteRD "65"]
[BlackElo "1048"]
[BlackRD "103"]
[GameID "79085"]

1. e4 Nc6 2. Nf3 e6 3. d4 Qf6 4. e5 Bb4+ 5. Bd2 Bxd2+ 6. Nbxd2 Qf4 7. g3 Qf5 8. Nh4 Qg5 9. f4 Qe7 10. Ne4 Qb4+
11. c3 Qxb2 12. f5 Qxc3+ 13. Nxc3 exf5 14. Nxf5 d5 15. Nxd5 Bxf5 16. Nxc7+
1-0